Bài tập trắc nghiệm tiếng Anh 10

Sách gồm một số dạng phổ biến như điền từ, câu hỏi lựa chọn, bài tập trắc nghiệm khách quan, vv...

Enregistré dans:
Détails bibliographiques
Auteur principal: Huỳnh, Thị Kim Hoa
Format: Livre
Langue:Undetermined
Publié: Hà Nội Giáo dục 2008
Sujets:
Tags: Ajouter un tag
Pas de tags, Soyez le premier à ajouter un tag!
Thư viện lưu trữ: Trung tâm Học liệu Trường Đại học Cần Thơ
LEADER 00822nam a2200217Ia 4500
001 CTU_185214
008 210402s9999 xx 000 0 und d
020 |c 24000 
082 |a 428.0076 
082 |b H401 
100 |a Huỳnh, Thị Kim Hoa 
245 0 |a Bài tập trắc nghiệm tiếng Anh 10 
245 0 |c Huỳnh Thị Kim Hoa, Phan Hữu Lễ, Kim Ngân 
260 |a Hà Nội 
260 |b Giáo dục 
260 |c 2008 
520 |a Sách gồm một số dạng phổ biến như điền từ, câu hỏi lựa chọn, bài tập trắc nghiệm khách quan, vv... 
650 |a English language,Tiếng Anh 
650 |x Problems, exercises, etc,Câu hỏi, bài tập 
904 |i Hải 
980 |a Trung tâm Học liệu Trường Đại học Cần Thơ